000 00689nam a2200241 a 4500
001 nice12345678
003 IN_TiNIC
005 20260116014207.0
008 130211s2012 newa grp 000 0 eng
020 _a9781107038189
_c595
082 0 0 _a922.97
_bSEV
100 _aSevea, Iqbal Singh
245 _aPolitical Philosophy of Muhammad Iqbal
_b Islam and Nationalism in Late Colonial India
260 _aNew Delhi
_bCambridge University Press
_c2012
300 _a214p
500 _aincludes index and biblioraphy
505 2 _aSelect Bibliography, Index
650 _aIqbal-Philosophy
700 1 _aSevea, Iqbal Singh
902 _bSRS
942 _cBK
999 _c14264
_d14264